Credit treasury <a> credit pricing guide in liquid and non-liquid markets
Gespeichert in:
| 1. Verfasser: | |
|---|---|
| Format: | Buch |
| Sprache: | Englisch |
| Veröffentlicht: |
Basingstoke
Palgrave Macmillan
2011
|
| Schriftenreihe: | Palgrave Macmillan finance and capital markets series
|
| Schlagworte: | |
| Tags: |
Keine Tags, Fügen Sie das erste Tag hinzu!
|
MARC
| LEADER | 00000nam a2200000 4500 | ||
|---|---|---|---|
| 001 | 0169821 | ||
| 005 | 20250225120704.4 | ||
| 020 | |a 978-0-230-30730-8 | ||
| 041 | 0 | |a eng | |
| 044 | |a GB | ||
| 245 | 1 | 0 | |a Credit treasury |b <a> credit pricing guide in liquid and non-liquid markets |c Gianluca Oricchio |
| 264 | 1 | |a Basingstoke |b Palgrave Macmillan |c 2011 | |
| 300 | |a online [xxiii, 644 p.] | ||
| 490 | 1 | |a Palgrave Macmillan finance and capital markets series | |
| 830 | 0 | |a Palgrave Macmillan finance and capital markets series | |
| 500 | |a EBSCO e-books Economics Collection 2012 | ||
| 610 | 2 | 0 | |a financie |
| 610 | 2 | 0 | |a investovanie |
| 610 | 2 | 0 | |a trh finančný |
| 610 | 2 | 0 | |a deriváty |
| 610 | 2 | 0 | |a swap |
| 610 | 2 | 0 | |a úver |
| 610 | 2 | 0 | |a kontrola úverová |
| 610 | 2 | 0 | |a modely štruktúrne |
| 610 | 2 | 0 | |a modely matematické |
| 610 | 2 | 0 | |a pravdepodobnosť |
| 610 | 2 | 0 | |a matice |
| 610 | 2 | 0 | |a modely cenové |
| 610 | 2 | 0 | |a dlhopisy |
| 100 | 1 | |a Oricchio, Gianluca | |